000 02131aam a2200385 i 4500
001 768714001
003 CO-MdFUSB
005 20240115145045.0
007 ta
008 231031t20072007spa||||g |||| 00| 0 spa d
020 _a9788484524892
040 _aCO-MdFUSB
_bspa
_cCO-MdFUSB
_dCO-MdFUSBC
_erda
041 _aspa
_heng
082 _223
_a967.571
_bM531
100 _aMelvern, Linda,
_eautor
240 _aA people betrayed. The role of the west in Rwanda´s genocide
245 1 3 _aUn pueblo traicionado
_b : el papel de occidente en el genocidio de Ruanda
_c/ Linda Melvern ; prologo Santiago Roncagliolo ; traducido por Amaya Sagarminaga
250 _a1° edición
264 1 _aBarcelona, España :
_bOxfam, Intermón,
_c[2007]
264 4 _c©2007
300 _a334 páginas
_c; 22 cm
336 _2rdacontent
_atexto
_btxt
337 _2rdamedia
_asin mediación
_bn
338 _2rdacarrier
_avolumen
_bnc
490 _aColección libros de encuentro
504 _aincluye índice
505 _aGenocidio, abril de 19942 -- El pasado es prólogo: Ruanda 1894-19733 -- La participación de Francia, Egipto y Uganda -- Akazu: la oligarquía que gobierna Ruanda -- ¿Paz en Ruanda? Los Acuerdos de Arusha -- Preparando el genocidio -- La radio del odio: Radio Televisión des Miles Colines -- El nuevo orden mundial y las grandes esperanzas de éxito de las Naciones Unidas -- Fuerzas de paz: Llega la ONU -- Personal de mantenimiento de la paz en problemas: octubre de 1993 a abril de 1994 -- Consejo de Seguridad de la ONU, 5 de abril de 1994 -- Cuatro días en Kigali: del 6 al 9 de abril de 1994 -- La verdad del genocidio y un guardaespaldas de mentiras -- Las sesiones secretas del Consejo de Seguridad -- El genocidio se extiende -- El mundo cierra la puerta -- Por el valor -- Julio de 1994: A partir de Zero -- La Convención sobre el Genocidio.
563 _aRústico.
653 _aGenocidio
653 _aRuanda -- Guerra Civíl -- Historia
700 _98909
_aRoncagliolo, Santiago,
_eprologuista
700 _98910
_aSagarminaga, Amaya,
_etraductor
942 _cBK
945 _asor1564
999 _c69235
_d69235